Govt. of
Madhya Pradesh

Normal view MARC view

Entry Personal Name

Number of records used in: 2

001 - CONTROL NUMBER

  • control field: 68039

003 - CONTROL NUMBER IDENTIFIER

  • control field: OSt

005 - DATE AND TIME OF LATEST TRANSACTION

  • control field: 20170704133414.0

008 - FIXED-LENGTH DATA ELEMENTS

  • fixed length control field: 170704|| aca||aabn | a|a d

040 ## - CATALOGING SOURCE

  • Original cataloging agency: OSt
  • Transcribing agency: OSt

100 ## - HEADING--PERSONAL NAME

  • Personal name: गुलेरी,प्रत्‍युष

670 ## - SOURCE DATA FOUND

  • Source citation: Work cat.: (OSt)12149: गुलेरी,प्रत्‍युष, गलेर का राजा हरिशचन्‍द्र , 1998